000 00509nam a2200181Ia 4500
999 _c37476
_d37476
003 OSt
005 20200930131621.0
008 190216s9999||||xx |||||||||||||| ||und||
020 _a9788123915418
040 _coclc
082 _a612
_bSHM/A
100 _aShmaefsky, Brian R
_95217
245 0 _aApplied Anatomy & Physiology /
_cBrian R Shmaefsky
260 _bCbs Publishers,
_c2008.
_aNew Delhi:
300 _a654p
650 _aZoology
942 _cBK
_2ddc
_h612
_iSHM/A
_k612
_mSHM/A